Películas de Alejandro Amenábar - Estadísticas

Estadísticas generales
  • Esta prueba ha sido intentada 24 veces
  • La puntuación promedio es 5 de 8
Estadísticas de respuestas
Año Película % Correcto
1996 Tesis
86%
2001 Los otros
82%
1997 Abre los ojos
73%
2009 Ágora
73%
2025 El cautivo
68%
2004 Mar adentro
68%
2019 Mientras dure la guerra
50%
2015 Regresión
41%
No se encontraron pruebas coincidentes
Distribución de puntuación
Porcentaje de gente con cada puntuación
Porcentaje por número respondido
Historial de tus puntuaciones
No has intentado esta prueba.